00203nam a2200085Ia 4500008004100000100002000041245003300061260001400094260000900108170617s9999 xx 000 0 und d aSambamurti- Kar 0aPharmaceutical Biotechnology bC.B.S Pub c2009